000 00359nam a2200121Ia 4500
003 GCL
008 140319s9999 xx 000 0 ara d
040 _aGCL /
_cGCL
082 0 4 _aط
_b372.72
_bد ك
100 1 _aدار الشروق
245 1 0 _aكلمة تبدأ بحرف M /
_cدار الشروق
490 _aالهيئة العامة للاستعلامات
_v0
999 _c51211
_d51211